000 00906cam2a220022900 4500
001 tmp15306753
003 UPRA
005 20190830103024.0
008 950728s1936 nyu f eng u
035 _a(Sirsi) r111173
035 _a(UPRA)tmp15306753
040 _cUPRA
110 1 _aUnited States.
_6A5008.2
240 1 0 _aLaws, etc.
245 1 4 _aThe Constitution of the United States and the Declaration of Independence /
_cwith notes and charts by William R. Barnes.
260 _aNew York :
_bBarnes & Noble,
_c[c1936]
610 1 0 _aUnited States. Declaration of Independence.
_tUnited States. Declaration of Independence.
_6S13626.2
610 1 0 _aUnited States. Laws, etc.
_tUnited States. Laws, etc.
_6S13626.3
700 1 _aBarnes, William Robbins, 1866-1945.
_dBarnes, William Robbins, 1866-1945.
_6A71478.1
949 _aKA44
_wlcc
_i33729001724280
_mMAIN
_p2500
_tBOOK
_lON-SHELF
004 111173
999 _c184272
_d184272